书目信息 |
| 题名: |
AutoCAD 2009建筑绘图完全新手学习手册
|
|
| 作者: | ;戎马工作室 编著 | |
| 分册: | ||
| 出版信息: | 北京 机械工业出版社 2009.06 |
|
| 页数: | 13,445页 | |
| 开本: | 26cm | |
| 丛书名: | 完全新手学习手册 | |
| 单 册: | ||
| 中图分类: | TU204-39 | |
| 科图分类: | ||
| 主题词: | 建筑制图--AutoCAD软件--手册 , 建筑制图 , AutoCAD软件 | |
| 电子资源: | ||
| ISBN: | 978-7-111-27172-7 | |
| 000 | 00974oam2 2200301 450 | |
| 001 | 012004363378 | |
| 005 | 20091221100026.71 | |
| 010 | @a978-7-111-27172-7@dCNY48.00(含光盘) | |
| 100 | @a20090715d2009 em y0chiy0110 ea | |
| 101 | 0 | @achi |
| 102 | @aCN@b110000 | |
| 105 | @aa z 000yy | |
| 106 | @ar | |
| 200 | 1 | @aAutoCAD 2009建筑绘图完全新手学习手册@f戎马工作室编著 |
| 205 | @a2版 | |
| 210 | @a北京@c机械工业出版社@d2009.06 | |
| 215 | @a13,445页@d26cm@e1光盘 | |
| 225 | 2 | @a完全新手学习手册 |
| 307 | @a附光盘:ISBN 978-7-89451-109-6 | |
| 330 | @a本书共分13章。前9章为基础知识,介绍了AutoCAD 2009的各项功能,并穿插了多个建筑绘图应用实例;第10章-第13章介绍了AutoCAD在建筑绘图方面的具体应用。 | |
| 461 | 0 | @12001 @a完全新手学习手册 |
| 606 | 0 | @a建筑制图@xAutoCAD软件@j手册 |
| 606 | 0 | @a建筑制图 |
| 606 | 0 | @aAutoCAD软件 |
| 690 | @aTU204-39@v4 | |
| 711 | 02 | @a戎马工作室@4编著 |
| 801 | 0 | @aCN@bNLC@c20091221 |
| 905 | @b20798340-45@dTU204-39@e487=2@f6 | |
| AutoCAD 2009建筑绘图完全新手学习手册/戎马工作室编著.-2版.-北京:机械工业出版社,2009.06 |
| 13,445页;26cm+1光盘.-(完全新手学习手册) |
| ISBN 978-7-111-27172-7:CNY48.00(含光盘) |
| 本书共分13章。前9章为基础知识,介绍了AutoCAD 2009的各项功能,并穿插了多个建筑绘图应用实例;第10章-第13章介绍了AutoCAD在建筑绘图方面的具体应用。 |
| ● |
| 相关链接 |
|
|
|
|
正题名:AutoCAD 2009建筑绘图完全新手学习手册
索取号:TU204-39/487=2
 
预约/预借
| 序号 | 登录号 | 条形码 | 馆藏地/架位号 | 状态 | 备注 |
| 1 | 798340 | 207983404 | 第二样本阅览室/ [索取号:TU204-39/487=2] | 在馆 | |
| 2 | 798341 | 207983413 | 第三借阅区/ [索取号:TU204-39/487=2] | 在馆 | |
| 3 | 798342 | 207983422 | 第三借阅区/ [索取号:TU204-39/487=2] | 在馆 | |
| 4 | 798343 | 207983431 | 第三借阅区/ [索取号:TU204-39/487=2] | 在馆 | |
| 5 | 798344 | 207983440 | 第三借阅区/ [索取号:TU204-39/487=2] | 在馆 | |
| 6 | 798345 | 207983459 | 第三借阅区/ [索取号:TU204-39/487=2] | 在馆 |